[Event "DEN-ch Kort 1-2"]
[Site "Svendborg"]
[Date "2019.04.14"]
[Round "3"]
[White "Vedso, Michael"]
[Black "Thorup, Bo Beier"]
[Result "0-1"]
[WhiteElo "1689"]
[BlackElo "1688"]
[PlyCount "78"]
[EventDate "2019.04.13"]
[EventType "swiss"]
[EventRounds "5"]
[EventCountry "DEN"]
[SourceTitle "EXT 2020"]
[Source "ChessBase"]
[SourceDate "2019.10.17"]
[SourceVersion "1"]
[SourceVersionDate "2019.10.17"]
[SourceQuality "1"]

1. e4 c5 2. Nc3 Nc6 3. f4 g6 4. Nf3 Bg7 5. Bc4 e6 6. 0-0 Nge7 7. e5 d6 8. exd6 Qxd6 9. d3 Nd4 10. Ne4 Qc7 11. c3 Nxf3+ 12. Qxf3 Bd7 13. Be3 Bc6 14. Qh3 b6 15. Ng5 Bd7 16. Rae1 h6 17. Ne4 Nf5 18. g4 Nxe3 19. Qxe3 0-0 20. h4 Rae8 21. Qf3 b5 22. Bb3 c4 23. Bc2 Bc6 24. Qh3 cxd3 25. Bxd3 Rd8 26. Bc2 b4 27. Bb3 bxc3 28. Nxc3 Qb6+ 29. Kh2 Rd2+ 30. Ne2 Bb5 31. Qf3 Rfd8 32. Rf2 R8d3 33. Qg2 Bc6 34. Qf1 Rxb2 35. Kg1 Rdd2 36. Bc4 Bd4 37. Nxd4 Rxf2 38. Nxc6 Rxf1+ 39. Kxf1 Qf2# 0-1